<?xml version="1.0" encoding="UTF-8"?><?xml-stylesheet type="text/xsl" href="static/style.xsl"?><OAI-PMH xmlns="http://www.openarchives.org/OAI/2.0/" xmlns:xsi="http://www.w3.org/2001/XMLSchema-instance" xsi:schemaLocation="http://www.openarchives.org/OAI/2.0/ http://www.openarchives.org/OAI/2.0/OAI-PMH.xsd"><responseDate>2026-04-27T19:49:31Z</responseDate><request verb="GetRecord" identifier="oai:uvadoc.uva.es:10324/48085" metadataPrefix="marc">https://uvadoc.uva.es/oai/request</request><GetRecord><record><header><identifier>oai:uvadoc.uva.es:10324/48085</identifier><datestamp>2021-08-26T20:50:32Z</datestamp><setSpec>com_10324_38</setSpec><setSpec>col_10324_852</setSpec></header><metadata><record xmlns="http://www.loc.gov/MARC21/slim" xmlns:doc="http://www.lyncode.com/xoai" xmlns:xsi="http://www.w3.org/2001/XMLSchema-instance" xmlns:dcterms="http://purl.org/dc/terms/" xsi:schemaLocation="http://www.loc.gov/MARC21/slim http://www.loc.gov/standards/marcxml/schema/MARC21slim.xsd">
<leader>00925njm 22002777a 4500</leader>
<datafield tag="042" ind1=" " ind2=" ">
<subfield code="a">dc</subfield>
</datafield>
<datafield tag="720" ind1=" " ind2=" ">
<subfield code="a">Sierra Contreras, Iván</subfield>
<subfield code="e">author</subfield>
</datafield>
<datafield tag="260" ind1=" " ind2=" ">
<subfield code="c">2021</subfield>
</datafield>
<datafield tag="520" ind1=" " ind2=" ">
<subfield code="a">La esquizofrenia es una patología perteneciente al área de la salud mental que afecta a un gran número de personas en el mundo. De este amplio abanico de personas más de la mitad no recibe un correcto tratamiento, por ello es necesario el estudio de la distinta sintomatología y las variables que inciden en esta, derivando en una mejoría en su calidad de vida. Una parte fundamental del correcto funcionamiento de las personas con esquizofrenia, son las funciones ejecutivas. Estas no están estudiadas tanto como es necesario en este trastorno, e inciden de una manera muy directa en la vida cotidiana. Para la evaluación de estas variables, hay una gran cantidad de pruebas, aunque lamentablemente, no son muy utilizadas, pruebas como el Screening de deterioro cognitivo en Psiquiatría (SCIP-S). En este estudio se intenta explicar cómo estos factores repercuten en el día a día de estas personas e intentar dar a conocer el papel del logopeda como posible profesional que se sume a la intervención de estas personas</subfield>
</datafield>
<datafield tag="024" ind2=" " ind1="8">
<subfield code="a">https://uvadoc.uva.es/handle/10324/48085</subfield>
</datafield>
<datafield ind1=" " ind2=" " tag="653">
<subfield code="a">Esquizofrenia</subfield>
</datafield>
<datafield ind1=" " ind2=" " tag="653">
<subfield code="a">Enfermedades mentales</subfield>
</datafield>
<datafield tag="245" ind1="0" ind2="0">
<subfield code="a">Logopedia y esquizofrenia: necesidad a partir de un estudio de campo</subfield>
</datafield>
</record></metadata></record></GetRecord></OAI-PMH>